| Tag |
First Indicator |
Second Indicator |
Subfields |
| LEADER |
00000cas a2200000 4500 |
| 001 |
in00000073157 |
| 005 |
20151008052501.0 |
| 008 |
731108c19739999enkbrzp 0 a0eng |
| 010 |
|
|
|a 73642922
|z 73644311
|
| 019 |
|
|
|a 1787279
|a 1776011
|a 2259657
|
| 022 |
0 |
|
|a 0045-7930
|
| 030 |
|
|
|a CPFLBI
|
| 032 |
|
|
|a 009472
|b USPS
|
| 035 |
|
|
|a (OCoLC)ocm01786276
|
| 035 |
|
|
|a (OCoLC)01786276
|
| 035 |
|
|
|9 AAH3548AM
|
| 037 |
|
|
|b Pergamon Press Inc., 660 White Plains Rd., Tarrytown, NY 10591-5153
|
| 040 |
|
|
|a DLC
|c DLC
|d NSD
|d DLC
|d NSD
|d OCL
|d SER
|d AIP
|d NST
|d AIP
|d DLC
|d AIP
|d OCL
|d NST
|d NSD
|d OCL
|d NSD
|d NST
|d NSD
|d DLC
|d NSD
|d CUS
|d UtOrBLW
|
| 042 |
|
|
|a lc
|a nsdp
|
| 049 |
|
|
|a TXAM
|
| 050 |
0 |
0 |
|a TA357
|b .C59
|
| 082 |
0 |
|
|a 532/.05/02854
|
| 210 |
0 |
|
|a Comput. fluids
|
| 222 |
|
0 |
|a Computers & fluids
|
| 245 |
0 |
0 |
|a Computers & fluids.
|
| 246 |
1 |
0 |
|a Computers and fluids
|
| 264 |
|
1 |
|a Oxford ;
|a New York, etc. :
|b Pergamon Press.
|
| 300 |
|
|
|a volumes :
|b illustrations ;
|c 25 cm.
|
| 310 |
|
|
|a Bimonthly,
|b <1993->
|
| 321 |
|
|
|a Quarterly,
|b 1973-
|
| 336 |
|
|
|a text
|b txt
|2 rdacontent
|
| 337 |
|
|
|a unmediated
|b n
|2 rdamedia
|
| 338 |
|
|
|a volume
|b nc
|2 rdacarrier
|
| 362 |
0 |
|
|a v. 1- Jan. 1973-
|
| 510 |
1 |
|
|a Computer & control abstracts
|x 0036-8113
|b Jan. 1973-
|
| 510 |
1 |
|
|a Electrical & electronics abstracts
|x 0036-8105
|b Jan. 1973-
|
| 510 |
1 |
|
|a Physics abstracts
|x 0036-8091
|b Jan. 1973-
|
| 510 |
2 |
|
|a Chemical abstracts
|x 0009-2258
|
| 510 |
2 |
|
|a Electronics and communications abstracts journal (Riverdale)
|x 0361-3313
|
| 510 |
2 |
|
|a Engineering index annual (1968)
|x 0360-8557
|
| 510 |
2 |
|
|a Engineering index bioengineering abstracts
|x 0736-6213
|
| 510 |
2 |
|
|a Engineering index energy abstracts
|x 0093-8408
|
| 510 |
2 |
|
|a Engineering index monthly (1984)
|x 0742-1974
|
| 510 |
2 |
|
|a FLUIDEX
|b 1973-
|
| 510 |
2 |
|
|a International aerospace abstracts
|x 0020-5842
|
| 510 |
2 |
|
|a ISMEC bulletin
|x 0306-0039
|
| 510 |
2 |
|
|a Mathematical reviews
|x 0025-5629
|
| 510 |
2 |
|
|a Pollution abstracts with indexes
|x 0032-3624
|
| 510 |
2 |
|
|a Safety science abstracts journal
|x 0160-1342
|
| 510 |
2 |
|
|a Ship abstracts
|x 0346-1025
|
| 530 |
|
|
|a Available also by subscription via the World Wide Web.
|
| 650 |
|
0 |
|a Fluid dynamics
|x Data processing
|x Periodicals.
|
| 850 |
|
|
|a AU
|a CPT
|a CaOKQH
|a CaOWA
|a CaSSU
|a DLC
|a FU
|a IEN
|a IaAS
|a KMK
|a KyLoU
|a MiDW
|a NN
|a NcRS
|a NjR
|a ViBLbV
|a WyU
|
| 936 |
|
|
|a Jan. 1993
|
| 948 |
|
|
|a MFHD URL added
|b h
|c 2002/7/30
|d c
|e bsurratt
|f 7:52:40 am
|
| 994 |
|
|
|a E0
|b TXA
|
| 999 |
|
|
|a MARS
|
| 999 |
f |
f |
|s bb5e1a10-5a4e-36e2-812d-f74583725121
|i cc5d47e4-6df7-3d33-869b-02a18054dcfa
|t 0
|
| 952 |
f |
f |
|p ric
|a Texas A&M University
|b Rellis Campus
|c Joint Library Facility
|d Remote Storage
|t 0
|e TA357 .C59
|h Library of Congress classification
|i unmediated -- volume
|k v.24:no.1 -v.24:no.4
|l 1995-1995
|m A14819763167
|
| 952 |
f |
f |
|p ric
|a Texas A&M University
|b Rellis Campus
|c Joint Library Facility
|d Remote Storage
|t 0
|e TA357 .C59
|h Library of Congress classification
|i unmediated -- volume
|k v.26:no.5 -v.26:no.8
|l 1997-1997
|m A14823503333
|
| 952 |
f |
f |
|p ric
|a Texas A&M University
|b Rellis Campus
|c Joint Library Facility
|d Remote Storage
|t 0
|e TA357 .C59
|h Library of Congress classification
|i unmediated -- volume
|k v.18
|l 1990
|m A14814667340
|
| 952 |
f |
f |
|p ric
|a Texas A&M University
|b Rellis Campus
|c Joint Library Facility
|d Remote Storage
|t 0
|e TA357 .C59
|h Library of Congress classification
|i unmediated -- volume
|k v.31:no.4/7-8
|l 2002:May/Sept.-Nov.
|m A14830200035
|
| 952 |
f |
f |
|p ric
|a Texas A&M University
|b Rellis Campus
|c Joint Library Facility
|d Remote Storage
|t 0
|e TA357 .C59
|h Library of Congress classification
|i unmediated -- volume
|k v.21
|l 1992
|m A14817017926
|
| 952 |
f |
f |
|p ric
|a Texas A&M University
|b Rellis Campus
|c Joint Library Facility
|d Remote Storage
|t 0
|e TA357 .C59
|h Library of Congress classification
|i unmediated -- volume
|k v.11
|l 1983
|m A14816937539
|
| 952 |
f |
f |
|p ric
|a Texas A&M University
|b Rellis Campus
|c Joint Library Facility
|d Remote Storage
|t 0
|e TA357 .C59
|h Library of Congress classification
|i unmediated -- volume
|k v.5
|l 1977
|m A14837710447
|
| 952 |
f |
f |
|p ric
|a Texas A&M University
|b Rellis Campus
|c Joint Library Facility
|d Remote Storage
|t 0
|e TA357 .C59
|h Library of Congress classification
|i unmediated -- volume
|k v.15
|l 1987
|m A14811378811
|
| 952 |
f |
f |
|p ric
|a Texas A&M University
|b Rellis Campus
|c Joint Library Facility
|d Remote Storage
|t 0
|e TA357 .C59
|h Library of Congress classification
|i unmediated -- volume
|k v.13
|l 1985
|m A14837710390
|
| 952 |
f |
f |
|p ric
|a Texas A&M University
|b Rellis Campus
|c Joint Library Facility
|d Remote Storage
|t 0
|e TA357 .C59
|h Library of Congress classification
|i unmediated -- volume
|k v.25:no.5 -v.25:no.8
|l 1996-1996
|m A14821027658
|
| 952 |
f |
f |
|p ric
|a Texas A&M University
|b Rellis Campus
|c Joint Library Facility
|d Remote Storage
|t 0
|e TA357 .C59
|h Library of Congress classification
|i unmediated -- volume
|k v.23:no.5 -v.23:no.8
|l 1994-1994
|m A14819032469
|
| 952 |
f |
f |
|p ric
|a Texas A&M University
|b Rellis Campus
|c Joint Library Facility
|d Remote Storage
|t 0
|e TA357 .C59
|h Library of Congress classification
|i unmediated -- volume
|k v.27:no.5/6 -v.27:no.8
|l 1998-1998
|m A14823637221
|
| 952 |
f |
f |
|p ric
|a Texas A&M University
|b Rellis Campus
|c Joint Library Facility
|d Remote Storage
|t 0
|e TA357 .C59
|h Library of Congress classification
|i unmediated -- volume
|k v.23:no.1 -v.23:no.4
|l 1994-1994
|m A14819032419
|
| 952 |
f |
f |
|p ric
|a Texas A&M University
|b Rellis Campus
|c Joint Library Facility
|d Remote Storage
|t 0
|e TA357 .C59
|h Library of Congress classification
|i unmediated -- volume
|k v.22
|l 1993
|m A14817909246
|
| 952 |
f |
f |
|p ric
|a Texas A&M University
|b Rellis Campus
|c Joint Library Facility
|d Remote Storage
|t 0
|e TA357 .C59
|h Library of Congress classification
|i unmediated -- volume
|k v.7
|l 1979
|m A14811132875
|
| 952 |
f |
f |
|p ric
|a Texas A&M University
|b Rellis Campus
|c Joint Library Facility
|d Remote Storage
|t 0
|e TA357 .C59
|h Library of Congress classification
|i unmediated -- volume
|k v.2
|l 1974
|m A14826986920
|
| 952 |
f |
f |
|p ric
|a Texas A&M University
|b Rellis Campus
|c Joint Library Facility
|d Remote Storage
|t 0
|e TA357 .C59
|h Library of Congress classification
|i unmediated -- volume
|k v.14
|l 1986
|m A14817687103
|
| 952 |
f |
f |
|p ric
|a Texas A&M University
|b Rellis Campus
|c Joint Library Facility
|d Remote Storage
|t 0
|e TA357 .C59
|h Library of Congress classification
|i unmediated -- volume
|k v.29:no.5-8
|l 2000:June-Nov.
|m A14828544889
|
| 952 |
f |
f |
|p ric
|a Texas A&M University
|b Rellis Campus
|c Joint Library Facility
|d Remote Storage
|t 0
|e TA357 .C59
|h Library of Congress classification
|i unmediated -- volume
|k v.8
|l 1980
|m A14812139121
|
| 952 |
f |
f |
|p ric
|a Texas A&M University
|b Rellis Campus
|c Joint Library Facility
|d Remote Storage
|t 0
|e TA357 .C59
|h Library of Congress classification
|i unmediated -- volume
|k v.24:no.5 -v.24:no.8
|l 1995-1995
|m A14819763117
|
| 952 |
f |
f |
|p ric
|a Texas A&M University
|b Rellis Campus
|c Joint Library Facility
|d Remote Storage
|t 0
|e TA357 .C59
|h Library of Congress classification
|i unmediated -- volume
|k v.17
|l 1989
|m A14812073993
|
| 952 |
f |
f |
|p ric
|a Texas A&M University
|b Rellis Campus
|c Joint Library Facility
|d Remote Storage
|t 0
|e TA357 .C59
|h Library of Congress classification
|i unmediated -- volume
|k v.6
|l 1978
|m A14818731337
|
| 952 |
f |
f |
|p ric
|a Texas A&M University
|b Rellis Campus
|c Joint Library Facility
|d Remote Storage
|t 0
|e TA357 .C59
|h Library of Congress classification
|i unmediated -- volume
|k v.9
|l 1981
|m A14813054146
|
| 952 |
f |
f |
|p ric
|a Texas A&M University
|b Rellis Campus
|c Joint Library Facility
|d Remote Storage
|t 0
|e TA357 .C59
|h Library of Congress classification
|i unmediated -- volume
|k v.29:no.1-4
|l 2000:Jan.-May
|m A14827251865
|
| 952 |
f |
f |
|p ric
|a Texas A&M University
|b Rellis Campus
|c Joint Library Facility
|d Remote Storage
|t 0
|e TA357 .C59
|h Library of Congress classification
|i unmediated -- volume
|k v.30:no.5-7/8
|l 2001:June-Sept./Nov.
|m A14828544847
|
| 952 |
f |
f |
|p ric
|a Texas A&M University
|b Rellis Campus
|c Joint Library Facility
|d Remote Storage
|t 0
|e TA357 .C59
|h Library of Congress classification
|i unmediated -- volume
|k v.31:no.1-3
|l 2002Jan.-Mar.
|m A14830200027
|
| 952 |
f |
f |
|p ric
|a Texas A&M University
|b Rellis Campus
|c Joint Library Facility
|d Remote Storage
|t 0
|e TA357 .C59
|h Library of Congress classification
|i unmediated -- volume
|k v.26:no.1 -v.26:no.4
|l 1997-1997
|m A14823503325
|
| 952 |
f |
f |
|p ric
|a Texas A&M University
|b Rellis Campus
|c Joint Library Facility
|d Remote Storage
|t 0
|e TA357 .C59
|h Library of Congress classification
|i unmediated -- volume
|k v.30:no.1-4
|l 2001:Jan.-May
|m A14828544805
|
| 952 |
f |
f |
|p ric
|a Texas A&M University
|b Rellis Campus
|c Joint Library Facility
|d Remote Storage
|t 0
|e TA357 .C59
|h Library of Congress classification
|i unmediated -- volume
|k v.27:no.1 -v.27:no.4
|l 1998-1998
|m A14823637174
|
| 952 |
f |
f |
|p ric
|a Texas A&M University
|b Rellis Campus
|c Joint Library Facility
|d Remote Storage
|t 0
|e TA357 .C59
|h Library of Congress classification
|i unmediated -- volume
|k v.25:no.1 -v.25:no.4
|l 1995-1996
|m A14820458937
|
| 952 |
f |
f |
|p ric
|a Texas A&M University
|b Rellis Campus
|c Joint Library Facility
|d Remote Storage
|t 0
|e TA357 .C59
|h Library of Congress classification
|i unmediated -- volume
|k v.28:no.6-8
|l 1999:Aug.-Nov.
|m A14826003976
|
| 952 |
f |
f |
|p ric
|a Texas A&M University
|b Rellis Campus
|c Joint Library Facility
|d Remote Storage
|t 0
|e TA357 .C59
|h Library of Congress classification
|i unmediated -- volume
|k v.10
|l 1982
|m A14827481818
|
| 952 |
f |
f |
|p ric
|a Texas A&M University
|b Rellis Campus
|c Joint Library Facility
|d Remote Storage
|t 0
|e TA357 .C59
|h Library of Congress classification
|i unmediated -- volume
|k v.3
|l 1975
|m A14837710358
|
| 952 |
f |
f |
|p ric
|a Texas A&M University
|b Rellis Campus
|c Joint Library Facility
|d Remote Storage
|t 0
|e TA357 .C59
|h Library of Congress classification
|i unmediated -- volume
|k v.20
|l 1991
|m A14815587438
|
| 952 |
f |
f |
|p ric
|a Texas A&M University
|b Rellis Campus
|c Joint Library Facility
|d Remote Storage
|t 0
|e TA357 .C59
|h Library of Congress classification
|i unmediated -- volume
|k v.28:no.1 -v.28:no.4/5
|l 1999-1999
|m A14824955698
|
| 952 |
f |
f |
|p ric
|a Texas A&M University
|b Rellis Campus
|c Joint Library Facility
|d Remote Storage
|t 0
|e TA357 .C59
|h Library of Congress classification
|i unmediated -- volume
|k v.19
|l 1991
|m A14815338782
|
| 952 |
f |
f |
|p ric
|a Texas A&M University
|b Rellis Campus
|c Joint Library Facility
|d Remote Storage
|t 0
|e TA357 .C59
|h Library of Congress classification
|i unmediated -- volume
|k v.4
|l 1976
|m A14837710405
|
| 952 |
f |
f |
|p ric
|a Texas A&M University
|b Rellis Campus
|c Joint Library Facility
|d Remote Storage
|t 0
|e TA357 .C59
|h Library of Congress classification
|i unmediated -- volume
|k v.16
|l 1988
|m A14811727612
|
| 952 |
f |
f |
|p ric
|a Texas A&M University
|b Rellis Campus
|c Joint Library Facility
|d Remote Storage
|t 0
|e TA357 .C59
|h Library of Congress classification
|i unmediated -- volume
|k v.1
|l 1973
|m A14837710316
|
| 952 |
f |
f |
|p ric
|a Texas A&M University
|b Rellis Campus
|c Joint Library Facility
|d Remote Storage
|t 0
|e TA357 .C59
|h Library of Congress classification
|i unmediated -- volume
|k v.12
|l 1984
|m A14823668515
|
| 998 |
f |
f |
|a TA357 .C59
|s v.1-31 (1973-2002)
|t 0
|l Remote Storage
|